| 000 | 00536nam a2200181 a 4500 | ||
|---|---|---|---|
| 001 | 000036718 | ||
| 005 | 20200930075907.0 | ||
| 008 | 120126s1982 sp a 000 0 spa d | ||
| 020 | _a0852002599 | ||
| 040 |
_aDO-SdBNP _bspa _cBNPHU |
||
| 100 | 1 |
_aSwerdlow, Mark _963029 |
|
| 240 | 1 | 4 |
_aThe therapy of pain _lEspañol |
| 245 | 1 | 0 |
_aTratamiento del dolor / _cMark Swerdlow. |
| 260 |
_aBarcelona : _bDoyma, _c1982. |
||
| 300 |
_a270 p. : _bil. ; _c21 cm. |
||
| 500 | _aTraducido del idioma inglés | ||
| 700 | 1 |
_aSerra Curiá, L. _etr. _963030 |
|
| 999 |
_c36209 _d36209 |
||